| 000 | 00350nam a2200133Ia 4500 | ||
|---|---|---|---|
| 008 | 240624s9999 xx 000 0 und d | ||
| 041 | _aeng | ||
| 082 | _a006.312 MAT | ||
| 100 | _aMATIGNON RANDALL | ||
| 245 | _aDATA MINING USING SAS ENTERPRISE MINER | ||
| 260 |
_c2013 _aNew Delhi _bWiley |
||
| 300 | _axiii, : 563 : p. : cm. ; 26 | ||
| 365 |
_cRS _b33 |
||
| 999 |
_c25580 _d25580 |
||